| 000 | 00409nam a2200157Ia 4500 | ||
|---|---|---|---|
| 008 | 230312s9999||||xx |||||||||||||| ||und|| | ||
| 020 | _a0-19-550789-4 | ||
| 082 |
_a910.285 _bDEL-G |
||
| 100 | _aJulie Delaney | ||
| 245 | 0 | _aGeographical Information Systems | |
| 260 |
_bOXFORD _aAustralia _c1999 |
||
| 300 | _a194 | ||
| 546 | _aEng. | ||
| 650 |
_aComputer _vThe Gist of Gis, Data, Data Input |
||
| 942 | _cBK | ||
| 999 |
_c179 _d179 |
||